000 01602nam a22002297a 4500
003 OSt
005 20210407120217.0
008 210407s2011 ck ao||gr|||| 00| 0 spa d
020 _a9789585724600
040 _aCO-JMCR
_cCO-JMCR
041 0 _aspa
082 0 4 _a986.116 /
_bD277s
_223
100 1 _aDíaz Granados Pinedo, Juan Pablo,
_eautor
_936687
245 1 0 _aSanta Marta :
_bobras estratégicas de ciudad /
_cJuan Pablo Díaz Granados Pinedo
260 _aBogotá :
_bAlcaldía de Santa Marta,
_cimpresión 2011
300 _a127 páginas :
_bilustraciones y fotografías a color ;
_c24 cm.
505 0 _aSanta Marta, Futuro con obras estratégicas de calidad -- Santa Marta, modelo de buen desempeño fiscal -- Educación con calidad -- Deporte y salud -- Colector pluvial, agua y alcantarillado -- Vías y espacios públicos -- Recuperación del Centro histórico (primera fase) -- Turismo y fiesta del mar -- Obras en marcha
520 3 _a"Quiero hacerle un reconocimiento al Alcalde de Santa Marta, Juan Pablo Díaz Granados: usted es, quizás, uno de los alcaldes más comprometidos, porque en términos porcentuales, es el que más recursos le ha asignado a la primera infancia ; esto es muy importante por que son estas inversiones las que no se ven sino después, ya cuando usted esté lleno de nietos y paseándose por las playas de esta capital, cuando mire y diga que esta ciudad es mejor porque atendemos a los niños.
600 1 4 _aDíaz Granados Pinedo, Juan Pablo,
_vInformes
_936688
651 4 _aSanta Marta
_xAdministración pública
_y2008-2011
_936689
942 _2ddc
_cBK
999 _c15529
_d15529